Once Upon A Time Quotes - Statistics

General Stats
  • This quiz has been taken 564 times
    556 since last reset
  • The average score is 11 of 15
Answer Stats
Hint Answer % Correct
"...somtimes, the best tea cup is chipped..." Belle
93%
"...he was not bringing me to break the curse, he was bringing me home" Emma
92%
"Find the writer...we must find out who wrote this cursed town" Regina
92%
"I guess if true love is easy, we'd all have it" Snow
89%
"I swear on Emma Swan..." Hook
88%
"Now I must give you away, to give me my best chance. As long as I have you, I can never be anything more than a millers daughter" Cora
85%
"You can give up on yourself, but I'm not gonna give up on you" Henry
85%
"Pay attention sis. This is how you take away a happy ending" Zelena
85%
"Close your eyes and point, whatever spot you pick is our home" Neal
76%
"Two people with a common goal can accomplish many things. Two people with a common enemy can accomplish even more" Rumplestiltskin
76%
"Come on boys, let's play" Peter Pan
75%
"There's a reason that kiss didn't work and it's not what everyone thinks...I'm in love with someone else" Robin Hood
68%
"They were scared of me...that's why they left, because they thought I was a monster" Elsa
47%
"You said magic was bad and you were right Bae..." Wendy
41%
"There's a curse, it needs to be broken. Emma is the key..." August
36%
No matching quizzes found
Score Distribution
Percent of People with Each Score
Percentile by Number Answered
Your Score History
You have not taken this quiz since the last reset